| 000 | 00520nam a22001697a 4500 | ||
|---|---|---|---|
| 005 | 20231107092357.0 | ||
| 008 | 231107b |||||||| |||| 00| 0 eng d | ||
| 020 | _a040902029 | ||
| 041 | _aEnglish | ||
| 082 | _a346.47 COP | ||
| 100 |
_aCopeling, AJC _lEnglish |
||
| 245 |
_aCopyright and The Act of 1978 / _cAJC Copeling |
||
| 260 |
_aDurban : _bButterworth Publishers (Pty) Ltd, _c1978 |
||
| 300 |
_bxvi, 146 pages ; _c25 cm. |
||
| 650 |
_aLegal practice _bLaw |
||
| 942 |
_cBK _6ALISON_BN_VRIES |
||
| 999 |
_c358 _d358 |
||